[Event "VIE-ch"]
[Site "Hanoi"]
[Date "2024.03.15"]
[Round "7"]
[White "Nguyen, Hoang Bach"]
[Black "Do, An Hoa"]
[Result "0-1"]
[WhiteElo "1600"]
[BlackElo "1797"]
[PlyCount "80"]
[EventDate "2024.03.11"]
[EventType "swiss"]
[EventRounds "9"]
[EventCountry "VIE"]
[SourceTitle "CB13_2024"]
[SourceDate "2024.03.27"]
[SourceVersion "1"]
[SourceVersionDate "2024.03.27"]
[SourceQuality "1"]

1. d4 f5 2. c4 Nf6 3. Nc3 e6 4. Nf3 Bb4 5. Bd2 0-0 6. e3 d6 7. a3 Bxc3 8. Bxc3 b6 9. Be2 Bb7 10. 0-0 Ne4 11. Nd2 Nxc3 12. bxc3 c5 13. Bf3 Nc6 14. h3 Qc7 15. Qc2 Rae8 16. Rac1 e5 17. Bd5+ Kh8 18. Qd3 Ne7 19. Bxb7 Qxb7 20. f4 e4 21. Qe2 Qa6 22. a4 Qxa4 23. Ra1 Qd7 24. Ra6 d5 25. Rfa1 Ra8 26. R1a3 Rfc8 27. cxd5 Nxd5 28. Nc4 cxd4 29. Ne5 d3 30. Nxd7 dxe2 31. Kf2 Rxc3 32. Rxc3 Nxc3 33. Nxb6 Rb8 34. Rxa7 Kg8 35. Ra8 Rxa8 36. Nxa8 Nd5 37. Kxe2 Kf7 38. g4 g6 39. gxf5 gxf5 40. h4 h5 0-1

[Event "VIE-chT"]
[Site "Hanoi"]
[Date "2023.04.21"]
[Round "6"]
[White "Do, An Hoa"]
[Black "Vo, Hoai Thuong"]
[Result "0-1"]
[WhiteElo "1601"]
[BlackElo "1993"]
[PlyCount "96"]
[EventDate "2023.04.18"]
[EventType "swiss"]
[EventRounds "9"]
[EventCountry "VIE"]
[SourceTitle "EXT 2024"]
[Source "ChessBase"]
[SourceDate "2023.10.10"]
[SourceVersion "1"]
[SourceVersionDate "2023.10.10"]
[SourceQuality "1"]

1. d4 d5 2. Nf3 Nf6 3. e3 c6 4. c4 e6 5. Nc3 Nbd7 6. Bd3 dxc4 7. Bxc4 b5 8. Bd3 Bd6 9. e4 e5 10. d5 cxd5 11. Nxb5 Bb4+ 12. Bd2 Bxd2+ 13. Nxd2 Nc5 14. Qc2 Nxd3+ 15. Qxd3 0-0 16. exd5 Nxd5 17. 0-0 Bb7 18. Rfe1 Nf4 19. Qxd8 Rfxd8 20. Ne4 f6 21. f3 Bxe4 22. Rxe4 Rd2 23. Kh1 Rxb2 24. a4 Nxg2 25. Rc1 Nf4 26. Rec4 Rd8 27. Rc8 Rxc8 28. Rxc8+ Kf7 29. h4 a6 30. Nd6+ Kg6 31. Rc6 Kh5 32. Rxa6 Kxh4 33. Ra7 Ne2 34. Rxg7 Ng3+ 35. Kg1 h5 36. Ne4 Nxe4 37. fxe4 Rb4 38. a5 Rxe4 39. a6 Ra4 40. a7 Ra2 41. Kf1 f5 42. Kg1 e4 43. Kf1 f4 44. Kg1 e3 45. Kf1 f3 46. Kg1 Kh3 47. Kh1 Rh2+ 48. Kg1 f2+ 0-1

[Event "VIE-chT"]
[Site "Hanoi"]
[Date "2023.04.20"]
[Round "5"]
[White "Nguyen, Dac Nguyen Dung"]
[Black "Do, An Hoa"]
[Result "0-1"]
[WhiteElo "1986"]
[BlackElo "1601"]
[PlyCount "95"]
[EventDate "2023.04.18"]
[EventType "swiss"]
[EventRounds "9"]
[EventCountry "VIE"]
[SourceTitle "EXT 2024"]
[Source "ChessBase"]
[SourceDate "2023.10.10"]
[SourceVersion "1"]
[SourceVersionDate "2023.10.10"]
[SourceQuality "1"]

1. d4 e6 2. c4 f5 3. Nc3 Nf6 4. e3 Bb4 5. Bd3 0-0 6. Nge2 d6 7. a3 Bxc3+ 8. Nxc3 e5 9. 0-0 Nc6 10. Bc2 a5 11. b3 Qe7 12. Bb2 Qf7 13. Ne2 Qg6 14. c5 Qh6 15. cxd6 cxd6 16. Bd3 Kh8 17. Ng3 f4 18. exf4 exf4 19. Ne4 d5 20. Nxf6 Rxf6 21. Qf3 Qg5 22. h3 Rh6 23. g4 fxg3 24. Qxg3 Qf6 25. Rfe1 Be6 26. Qe3 Rf8 27. Bf1 Rg6+ 28. Kh1 Qxf2 29. Qxf2 Rxf2 30. Bc3 h6 31. Re3 Bf5 32. Bd3 Bxd3 33. Rxd3 Ne7 34. Bxa5 Rgg2 35. Bc7 Rc2 36. Bd6 Nf5 37. Be5 Kh7 38. Rg1 Rgf2 39. Ra1 g5 40. Kg1 Nh4 41. Rf1 Rg2+ 42. Kh1 Rge2 43. Bg3 Nf5 44. Be5 Ne3 45. Rg1 Kg6 46. h4 Kf5 47. hxg5 hxg5 48. Rg3 0-1

[Event "VIE-chT"]
[Site "Hanoi"]
[Date "2023.04.19"]
[Round "3"]
[White "Dang, Hoang Son"]
[Black "Do, An Hoa"]
[Result "1-0"]
[WhiteElo "2333"]
[BlackElo "1601"]
[PlyCount "77"]
[EventDate "2023.04.18"]
[EventType "swiss"]
[EventRounds "9"]
[EventCountry "VIE"]
[SourceTitle "EXT 2024"]
[Source "ChessBase"]
[SourceDate "2023.10.10"]
[SourceVersion "1"]
[SourceVersionDate "2023.10.10"]
[SourceQuality "1"]

1. d4 e6 2. c4 f5 3. g3 Nf6 4. Bg2 Be7 5. Nc3 0-0 6. Nh3 d6 7. 0-0 e5 8. dxe5 dxe5 9. Bg5 c6 10. Qc2 h6 11. Bxf6 Bxf6 12. e4 f4 13. Rad1 Qc7 14. f3 Be6 15. Ne2 g5 16. Nf2 a5 17. Bh3 Bxh3 18. Nxh3 Be7 19. Kh1 Bc5 20. gxf4 exf4 21. Nf2 Nd7 22. Ng4 h5 23. Nh6+ Kh7 24. Nf5 Ne5 25. Nc1 Rad8 26. Nb3 Be3 27. c5 g4 28. Rd6 Rxd6 29. cxd6 Qd7 30. fxg4 Nxg4 31. h3 Nh6 32. Rd1 Nxf5 33. exf5 Rxf5 34. Nd4 Bxd4 35. Rxd4 Kh6 36. Qd2 Kg6 37. Qd3 f3 38. Rf4 f2 39. Rxf2 1-0

[Event "VIE-chT"]
[Site "Hanoi"]
[Date "2023.04.18"]
[Round "2"]
[White "Do, An Hoa"]
[Black "Tu, Hoang Thai"]
[Result "1-0"]
[WhiteElo "1601"]
[BlackElo "2235"]
[PlyCount "69"]
[EventDate "2023.04.18"]
[EventType "swiss"]
[EventRounds "9"]
[EventCountry "VIE"]
[SourceTitle "EXT 2024"]
[Source "ChessBase"]
[SourceDate "2023.10.10"]
[SourceVersion "1"]
[SourceVersionDate "2023.10.10"]
[SourceQuality "1"]

1. d4 Nf6 2. Nf3 e6 3. Nbd2 c5 4. e3 Be7 5. Bd3 0-0 6. c3 Nc6 7. 0-0 d5 8. dxc5 Bxc5 9. e4 e5 10. Qe2 Re8 11. exd5 Nxd5 12. Ne4 Bf8 13. Rd1 Qc7 14. Nfg5 Bf5 15. Bc4 Bxe4 16. Nxf7 Nd4 17. cxd4 exd4 18. Ng5 Rac8 19. Bb3 d3 20. Qg4 h5 21. Qh4 Bg6 22. Bxd5+ Kh8 23. Bf4 Qd7 24. Bf3 Rc4 25. g3 Be7 26. Bxh5 Bxg5 27. Qxg5 Bh7 28. Bxe8 Qxe8 29. Be5 Qd7 30. Rac1 b5 31. Rxc4 bxc4 32. Qxg7+ Qxg7 33. Bxg7+ Kxg7 34. f4 Kf6 35. Kf2 1-0

[Event "VIE-ch U15"]
[Site "Ho Chi Minh City"]
[Date "2022.07.12"]
[Round "3"]
[White "Hoang, Minh Hieu"]
[Black "Do, An Hoa"]
[Result "1-0"]
[WhiteElo "2289"]
[BlackElo "2296"]
[PlyCount "53"]
[EventDate "2022.07.11"]
[EventType "swiss"]
[EventRounds "9"]
[EventCountry "VIE"]
[SourceTitle "EXT 2023"]
[Source "ChessBase"]
[SourceDate "2022.10.05"]
[SourceVersion "1"]
[SourceVersionDate "2022.10.05"]
[SourceQuality "1"]

1. d4 e6 2. c4 f5 3. Nf3 Nf6 4. g3 Be7 5. Bg2 d6 6. 0-0 0-0 7. Nc3 Ne4 8. Nd2 Nxc3 9. bxc3 Nc6 10. e4 e5 11. exf5 exd4 12. cxd4 Bxf5 13. Bb2 Bf6 14. Ne4 Rb8 15. Nxf6+ Qxf6 16. Qd2 Qg6 17. Rfe1 Rbe8 18. Bd5+ Kh8 19. Rxe8 Rxe8 20. Re1 Nd8 21. Bf3 Rxe1+ 22. Qxe1 Qe6 23. Qc3 Bh3 24. d5 Qe7 25. Be4 b6 26. Qe3 Nb7 27. Qh6 1-0

[Event "Hanoi op 12"]
[Site "Hanoi"]
[Date "2022.??.??"]
[Round "8"]
[White "Do, An Hoa"]
[Black "Nguyen, Van Toan Thanh"]
[Result "1-0"]
[WhiteElo "1600"]
[BlackElo "1982"]
[PlyCount "59"]
[EventDate "2022.12.11"]
[EventType "swiss"]
[EventRounds "9"]
[EventCountry "VIE"]
[SourceTitle "CBM 211 Extra"]
[Source "ChessBase"]
[SourceDate "2023.01.31"]
[SourceVersion "1"]
[SourceVersionDate "2023.01.31"]
[SourceQuality "1"]

1. d4 d5 2. Nf3 Nf6 3. e3 e6 4. Bd3 Bd6 5. Nbd2 b6 6. e4 dxe4 7. Nxe4 0-0 8. Nxf6+ gxf6 9. Be4 c6 10. Bh6 Re8 11. Qd2 f5 12. Bd3 Ba6 13. 0-0-0 Bxd3 14. Qxd3 Bf8 15. Bf4 f6 16. Nh4 b5 17. Rde1 Qd7 18. Re3 Na6 19. Rg3+ Bg7 20. Re1 Kh8 21. a3 Red8 22. Qe3 c5 23. Bh6 cxd4 24. Bxg7+ Qxg7 25. Rxg7 dxe3 26. Re7 exf2 27. Rf1 Nc5 28. Rxf2 Rd4 29. Kb1 Ne4 30. Re2 1-0

[Event "Hanoi op 12"]
[Site "Hanoi"]
[Date "2022.??.??"]
[Round "7"]
[White "Nguyen, Tran Duy Anh"]
[Black "Do, An Hoa"]
[Result "1/2-1/2"]
[WhiteElo "1519"]
[BlackElo "1600"]
[PlyCount "39"]
[EventDate "2022.12.11"]
[EventType "swiss"]
[EventRounds "9"]
[EventCountry "VIE"]
[SourceTitle "CBM 211 Extra"]
[Source "ChessBase"]
[SourceDate "2023.01.31"]
[SourceVersion "1"]
[SourceVersionDate "2023.01.31"]
[SourceQuality "1"]

1. e4 e6 2. d4 d5 3. e5 c5 4. c3 Nc6 5. Nf3 Bd7 6. a3 f6 7. exf6 Nxf6 8. Bd3 c4 9. Bc2 Bd6 10. 0-0 Qc7 11. Re1 0-0-0 12. Nbd2 Rhe8 13. h3 Re7 14. b3 cxb3 15. Bxb3 e5 16. Nf1 e4 17. N3d2 Na5 18. Bc2 Kb8 19. Ne3 Qb6 20. c4 1/2-1/2

[Event "Hanoi op 12"]
[Site "Hanoi"]
[Date "2022.??.??"]
[Round "5"]
[White "Nguyen, Van Nhat Linh"]
[Black "Do, An Hoa"]
[Result "0-1"]
[WhiteElo "1963"]
[BlackElo "1600"]
[PlyCount "64"]
[EventDate "2022.12.11"]
[EventType "swiss"]
[EventRounds "9"]
[EventCountry "VIE"]
[SourceTitle "CBM 211 Extra"]
[Source "ChessBase"]
[SourceDate "2023.01.31"]
[SourceVersion "1"]
[SourceVersionDate "2023.01.31"]
[SourceQuality "1"]

1. Nf3 f5 2. g3 Nf6 3. Bg2 e6 4. c4 Be7 5. 0-0 0-0 6. Nc3 d6 7. d4 Ne4 8. Nd2 Nxc3 9. bxc3 e5 10. Rb1 Nc6 11. e3 f4 12. d5 Na5 13. e4 b6 14. Qa4 Bd7 15. Qd1 Qe8 16. Qe2 Qg6 17. Nb3 Nb7 18. Rb2 Bg5 19. Rc2 Rf6 20. Bf3 Raf8 21. Bh5 Qh6 22. Bf3 Bh3 23. Rd1 fxg3 24. Rd3 Bxc1 25. Rxc1 Bg4 26. fxg3 Rxf3 27. Rxf3 Rxf3 28. Qe1 Nd8 29. Nd2 Re3 30. Qf2 Re2 31. Rf1 Rxf2 32. Rxf2 Bh3 0-1

[Event "Hanoi op 12"]
[Site "Hanoi"]
[Date "2022.??.??"]
[Round "1"]
[White "Pham, Xuan Dat"]
[Black "Do, An Hoa"]
[Result "1-0"]
[WhiteElo "2234"]
[BlackElo "1600"]
[PlyCount "45"]
[EventDate "2022.12.11"]
[EventType "swiss"]
[EventRounds "9"]
[EventCountry "VIE"]
[SourceTitle "CBM 211 Extra"]
[Source "ChessBase"]
[SourceDate "2023.01.31"]
[SourceVersion "1"]
[SourceVersionDate "2023.01.31"]
[SourceQuality "1"]

1. d4 f5 2. g3 Nf6 3. Bg2 e6 4. Nf3 Be7 5. 0-0 0-0 6. c4 d6 7. Nc3 Ne4 8. Qc2 Nxc3 9. Qxc3 a5 10. Qc2 Nc6 11. d5 exd5 12. cxd5 Nb4 13. Qd2 b6 14. a3 Na6 15. b4 Bf6 16. Nd4 Bxd4 17. Qxd4 Qf6 18. Qxf6 Rxf6 19. Bd2 a4 20. Rfe1 Bb7 21. Rac1 Re8 22. Rc4 Rf7 23. e4 1-0